Wszystkie współczesne państwa które posiadają eksklawy - Statystyki

Ogólne statystyki
  • Ten quiz został rozwiązany 35 razy
  • Średni wynik to 13 z 18
Statystyki odpowiedzi
Nazwa Eksklawy Państwo % Poprawnych
Alaska Stany Zjednoczone
100%
Obwód Królewiecki Rosja
97%
Miedwieżje-Sańkowo Rosja
97%
Ceuta Hiszpania
93%
Melilla Hiszpania
93%
Lívia Hiszpania
93%
Dubrownik Chorwacja
90%
Campione d'Italia Włochy
90%
Baarle-Nassau Holandia
73%
Büsingen am Hochrhein Niemcy
73%
Baarle-Hertog Belgia
70%
Nachiczewańska Republika Autonomiczna Azerbejdżan
63%
Ras al-Dżibal Oman
57%
Małe części wilajetu sogdyjskiego Tadżykistan
47%
Małe części wilajetu fergańskiego Uzbekistan
47%
Kabinda Angola
37%
Dystrykt Temburong Brunei
20%
Oecussi-Ambeno Timor Wschodni
13%
Nie znaleziono quizów pasujących do podanych kryteriów
Rozkład punktacji
Procent ludzi z każdym wynikiem
Percentyl według liczby udzielonych odpowiedzi
Twoja historia wyników
Nie rozwiązałeś tego quizu